Quest for peace (Record no. 69213)

MARC details
000 -LEADER
fixed length control field 00519nam a22001817a 4500
005 - DATE AND TIME OF LATEST TRANSACTION
control field 20230418140236.0
040 ## - CATALOGING SOURCE
Transcribing agency urs
050 ## - LIBRARY OF CONGRESS CALL NUMBER
Classification number JX 1952 C43 2001
100 ## - MAIN ENTRY--PERSONAL NAME
9 (RLIN) 4498
Personal name Cedeño, Lourdes Rifareal-
Relator term author
245 ## - TITLE STATEMENT
Title Quest for peace
Remainder of title notes and activities for peace education
Statement of responsibility, etc Lourdes Rifareal-Cedeño
250 ## - EDITION STATEMENT
Edition statement First edition
336 ## - CONTENT TYPE
Source rdacontent
Content type term text
Content type code txt
337 ## - MEDIA TYPE
Source rdamedia
Media type term unmediated
Media type code n
338 ## - CARRIER TYPE
Source rdacarrier
Carrier type term volume
Carrier type code nc
650 #0 - SUBJECT ADDED ENTRY--TOPICAL TERM
9 (RLIN) 4499
Topical term or geographic name as entry element Peace
650 #0 - SUBJECT ADDED ENTRY--TOPICAL TERM
9 (RLIN) 4500
Topical term or geographic name as entry element War
942 ## - ADDED ENTRY ELEMENTS (KOHA)
Source of classification or shelving scheme Library of Congress Classification
Koha item type Foreign Books
Holdings
Withdrawn status Lost status Source of classification or shelving scheme Damaged status Not for loan Home library Current library Shelving location Date acquired Total Checkouts Full call number Barcode Date last seen Price effective from Koha item type
    Library of Congress Classification     Binangonan College Library Binangonan College Library Foreign Section 04/18/2023   JX 1952 C43 2001 URSBIN-2882 04/18/2023 04/18/2023 Foreign Books

University of Rizal System
Email us at univlibservices@urs.edu.ph

Visit our Website www.urs.edu.ph/library